|
|
|
|
| LEADER |
00000nam0a2200000 4500 |
| 001 |
368537 |
| 005 |
20231102012107.0 |
| 035 |
|
|
|a (RuTPU)RU\TPU\retro\25919
|
| 090 |
|
|
|a 368537
|
| 100 |
|
|
|a 20220413d1979 em y0rusy50 ca
|
| 101 |
0 |
|
|a rus
|
| 102 |
|
|
|a RU
|
| 105 |
|
|
|a a j 001zb
|
| 200 |
1 |
|
|a П. Л. Чебышев
|e пособие для учащихся
|f С. П. Гуров, Н. А. Хромиенков, К. В. Чебышева
|
| 210 |
|
|
|a Москва
|c Просвещение
|d 1979
|
| 215 |
|
|
|a 112 с.
|c ил.
|
| 225 |
1 |
|
|a Люди науки
|
| 320 |
|
|
|a Библиогр.: с. 111
|
| 600 |
|
1 |
|a Чебышев
|g Пафнутий Львович
|b П. Л.
|c российский математик
|c академик Петербургской АН
|f 1821-1894
|2 stltpush
|3 (RuTPU)RU\TPU\pers\1339
|
| 606 |
1 |
|
|a Математики
|x Персоналии
|2 stltpush
|3 (RuTPU)RU\TPU\subj\69235
|9 84202
|
| 610 |
1 |
|
|a математика
|
| 610 |
1 |
|
|a 19 век
|
| 610 |
1 |
|
|a простые числа
|
| 610 |
1 |
|
|a полиномы Чебышева
|
| 610 |
1 |
|
|a механизмы
|
| 610 |
1 |
|
|a конструирование
|
| 610 |
1 |
|
|a артиллерийская наука
|
| 610 |
1 |
|
|a Россия
|
| 610 |
1 |
|
|a просветительская деятельность
|
| 610 |
1 |
|
|a общественная деятельность
|
| 610 |
1 |
|
|a пособия для учащихся
|
| 675 |
|
|
|a 51(092)
|v 4
|
| 700 |
|
1 |
|a Гуров
|b С. П.
|g Степан Павлович
|
| 701 |
|
1 |
|a Хромиенков
|b Н. А.
|g Николай Александрович
|
| 701 |
|
1 |
|a Чебышева
|b К. В.
|g Клавдия Владимировна
|
| 801 |
|
1 |
|a RU
|b 63413507
|c 20220413
|
| 942 |
|
|
|c BK
|